|
|
|
|
| LEADER |
01511nam a22003854a 4500 |
| 001 |
EBC144711 |
| 003 |
MiAaPQ |
| 005 |
20200520144314.0 |
| 006 |
m o d | |
| 007 |
cr cn||||||||| |
| 008 |
990112s2000 enk sb 001 0 eng |
| 010 |
|
|
|z 99011072
|
| 020 |
|
|
|z 0521653266 (hb)
|
| 035 |
|
|
|a (MiAaPQ)EBC144711
|
| 035 |
|
|
|a (Au-PeEL)EBL144711
|
| 035 |
|
|
|a (CaPaEBR)ebr2000926
|
| 035 |
|
|
|a (CaONFJC)MIL42073
|
| 035 |
|
|
|a (OCoLC)437072977
|
| 040 |
|
|
|a MiAaPQ
|c MiAaPQ
|d MiAaPQ
|
| 050 |
|
4 |
|a KZ4850
|b .R45 2000
|
| 082 |
0 |
4 |
|a 341.5/5
|2 21
|
| 100 |
1 |
|
|a Reinisch, August.
|
| 245 |
1 |
0 |
|a International organizations before national courts
|h [electronic resource] /
|c August Reinisch.
|
| 260 |
|
|
|a Cambridge [England] ;
|a New York :
|b Cambridge University Press,
|c 2000.
|
| 300 |
|
|
|a lxviii, 449 p.
|
| 490 |
1 |
|
|a Cambridge studies in international and comparative law ;
|v 10
|
| 504 |
|
|
|a Includes bibliographical references (p. 394-443) and index.
|
| 533 |
|
|
|a Electronic reproduction. Ann Arbor, MI : ProQuest, 2015. Available via World Wide Web. Access may be limited to ProQuest affiliated libraries.
|
| 650 |
|
0 |
|a International agencies.
|
| 650 |
|
0 |
|a International and municipal law.
|
| 650 |
|
0 |
|a Jurisdiction.
|
| 655 |
|
4 |
|a Electronic books.
|
| 710 |
2 |
|
|a ProQuest (Firm)
|
| 830 |
|
0 |
|a Cambridge studies in international and comparative law (Cambridge, England : 1996) ;
|v 10.
|
| 856 |
4 |
0 |
|u https://ebookcentral.proquest.com/lib/matrademy/detail.action?docID=144711
|z Click to View
|